000 00566nam a2200229Ia 4500
003 OSt
005 20220918174222.0
006 a|||||r|||| 00| 0
007 ta
008 220917b |||||||| |||| 00| 0 eng d
024 _a11,174
037 _cTextual
040 _aARTS
_cARTS
_beng
041 _2eng
_aeng
082 _aMC5, H3
100 _aJacobs Donald H
_949575
245 0 _aFundamentals of optical engineering
260 _c1942
650 _aINDUSTRIAL ARTS
942 _hMC5, H3
_cTEXL
_2CC
999 _c152289
_d152289